| 000 | 00347nam a2200145Ia 4500 | ||
|---|---|---|---|
| 005 | 20251222144902.0 | ||
| 008 | 251222s9999||||xx |||||||||||||| ||spa|| | ||
| 020 | _a8423989739 | ||
| 082 | _a618.24/B38 | ||
| 100 | _aBeltrán, Bartolomé | ||
| 245 | 0 | _aTodo sobre tu Embarazo | |
| 250 | _a1ra. ed. | ||
| 264 | _bEspasa Calpe, S.A. | ||
| 942 | _cLIB | ||
| 999 |
_c22005 _d22005 |
||